Are You Smarter Than a College Student? XXI Quiz Stats

Quiz Updated Nov 26, 2015

Challenge
Share
Tweet
Embed
Score 0/30 Timer 07:00
3 Plays Today
% Correct
Easyorigami
95.3%
Easyone
92.3%
Easyoctagon
92%
EasyOxford
87.4%
EasyOrwell
86.1%
EasyObama
84.1%
EasyOlympus
81.2%
EasyOregon
78.9%
EasyOrion
78.8%
EasyOslo
72.8%
MediumOscar
71.2%
MediumOthello
70.6%
Mediumorangutan
68.9%
MediumOceans 11
68.7%
MediumOilers
67.9%
% Correct
MediumOklahoma!
66.2%
Mediumoffside
66.1%
Mediumokra
56.4%
MediumOasis
53.3%
MediumOman
51.8%
HardOrange-Nassau
38.6%
Hardoccipital
37.2%
HardOcarina of Time
36.7%
Hardoccidental
33.9%
Hardomicron
30.1%
HardO. Henry
22.1%
HardOrphan Black
20%
HardOrinoco
18%
HardObadiah
11.2%
Hardosmium
10.7%

You're not logged in!

Compare scores with friends on all Sporcle quizzes.
Sign Up with Email
OR
Log In

Show Comments

Extras

Top Quizzes Today


Score Distribution

Your Account Isn't Verified!

In order to create a playlist on Sporcle, you need to verify the email address you used during registration. Go to your Sporcle Settings to finish the process.